DOMESTICATING symbols : metalithikum II
Saved in:
| Format: | Bog |
|---|---|
| Sprog: | engelsk |
| Udgivet: |
AMBRA
2014
|
| Tags: |
Tilføj Tag
Ingen Tags, Vær først til at tagge denne postø!
|
MARC
| LEADER | 00000nam a22000007a 4500 | ||
|---|---|---|---|
| 008 | 240422b |||||||| |||| 00| 0 eng d | ||
| 020 | |a 9783990435583 | ||
| 245 | |a DOMESTICATING symbols |b : metalithikum II |c /edited by Vera Buhlmann, Ludger Hovestadt |e (Applied virtuality book series) |g 224p;ill | ||
| 260 | |b AMBRA |c 2014 |h Vienna, Germany |i 701285 |i 701286 |l TK5102.92.D71 |m Coding theory |m Signs and symbols- Data processing |m Information technology | ||
| 942 | |a lcc |c BK |e Johnson |f 22/02/24 | ||
| 952 | |0 0 |1 0 |2 lcc |4 0 |6 TK510292 D71 |7 0 |9 5079 |a TL |b HOL |c QZ |d 2024-04-22 |l 0 |o TK5102.92.D71 |p 2024-0327 |r 2024-04-22 00:00:00 |t 701285 |w 2024-04-22 |y BK | ||
| 952 | |0 0 |1 0 |2 lcc |4 0 |6 TK510292 D71 |7 0 |9 5080 |a HOL |b HOL |c QZ |d 2024-04-22 |l 0 |o TK5102.92.D71 |p 2024-0328 |r 2024-04-22 00:00:00 |t 701286 |w 2024-04-22 |y BK | ||
| 999 | |c 2521 |d 2521 | ||